01154cam a2200229 a 450000100100000000500170001000800410002702000150006803500230008304000230010608200240012911101690015324501540032224601240047624600120060026000970061230000210070950000880073050400330081865000540085165000190090500001460220200929163856.0001128s1997 cr b 000 0 spa d a9977303053 a(OCoLC)ocm46429938 aDO-SdBNPcIQUdDLC a305.23509728bS471t1 aSeminario-Taller Participación de la Juventud en la Construcción de una Cultura de Convivencia, Solidaridad y Paz en Centroaméricad(julio, 1996 :cNicaragua)10aMemoria del Seminario-Taller Participación de la Juventud en la Construcción de una Cultura de Convivencia, Solidaridad y Paz en Centroamérica.30aParticipación de la Juventud en la Construcción de una Cultura de Convivencia, Solidaridad y Paz en Centroamérica14aMemoria aSan José, Costa Rica :bConsejo Superior Universitario Centroaméricano ;bUNESCO,c1997. a298 p. ;c21 cm. aOrganización de las Naciones Unidas para la Educación, la Ciencia y la Cultura. aBibliografías: p. 293-298. 4aJuventudzAmérica CentralxCondiciones sociales 4aJuventud y paz